The Hidden Script /

Uloženo v:
Podrobná bibliografie
Hlavní autor: Punter, David
Médium: Neznámo
Jazyk:English
Vydáno: Boston : Routledge and Kegan Paul, 1985.
Témata:
Tagy: Přidat tag
Žádné tagy, Buďte první, kdo vytvoří štítek k tomuto záznamu!

MARC

LEADER 000000000a22000000004500
001 011560
020 |a 0710099517 
041 0 |a eng 
082 0 4 |a 820.9   |b P984h 
100 1 |a Punter, David 
245 1 4 |a The Hidden Script /   |c David Punter. 
260 1 |a Boston :   |b Routledge and Kegan Paul,   |c 1985. 
300 |a 193 páginas 
500 |a Colección George Yúdice 
650 4 |a LITERATURA INGLESA 
650 4 |a SIGLO XX 
650 4 |a HISTORIA Y CRITICA 
650 4 |a LITERATURA Y SOCIEDAD 
999 |c 17596  |d 17596 
942 |c BK  |h 820.9 P984h  |2 z